All TV 9-Darter - Statistics

General Stats
  • This quiz has been taken 103 times
  • The average score is 40 of 68
Answer Stats
Date Opponent Player % Correct
17.02.2007 Raymond van Barneveld Michael van Gerwen
94%
01.08.2002 Chris Mason Phil Taylor
94%
05.06.2004 Matt Chapman Phil Taylor
94%
12.06.2005 Roland Scholten Phil Taylor
94%
08.05.2007 Raymond van Barneveld Phil Taylor
94%
09.06.2007 Wes Newton Phil Taylor
94%
07.06.2008 Jamie Harvey Phil Taylor
94%
23.03.2006 Peter Manley Raymond van Barneveld
88%
27.02.2020 Daryl Gurney Michael Smith
85%
05.03.2022 Mensur Suljovic Michael Smith
85%
03.01.2023 Michael van Gerwen Michael Smith
85%
08.06.2012 David Dodds Gary Anderson
76%
02.01.2016 Jelle Klaasen Gary Anderson
76%
26.07.2018 Joe Cullen Gary Anderson
76%
01.01.2022 Michael Smith Gerwyn Price
72%
17.02.2022 Michael van Gerwen Gerwyn Price
72%
17.02.2022 James Wade Gerwyn Price
72%
23.07.2022 Danny Noppert Gerwyn Price
72%
29.08.2020 Daryl Gurney Peter Wright
71%
03.01.2011 Gary Anderson Adrian Lewis
69%
31.07.2011 Raymond van Barneveld Adrian Lewis
69%
30.12.2014 Raymond van Barneveld Adrian Lewis
69%
14.04.2016 James Wade Adrian Lewis
69%
13.04.2017 Raymond van Barneveld Adrian Lewis
69%
08.10.2014 Robert Thornton James Wade
64%
29.12.2020 Stephen Bunting James Wade
64%
05.03.2022 Boris Krcmar James Wade
64%
20.11.2008 Gary Anderson James Wade
58%
08.10.2011 James Wade Brendan Dolan
54%
29.10.2020 Jeffrey de Zwaan José de Sousa
54%
08.04.2021 Nathan Aspinall José de Sousa
54%
25.07.2012 Steve Beaton Michael van Gerwen
54%
30.12.2012 James Wade Michael van Gerwen
54%
26.10.2014 Raymond van Barneveld Michael van Gerwen
54%
05.03.2016 Rob Cross Michael van Gerwen
54%
23.11.2019 Adrian Lewis Michael van Gerwen
54%
08.03.2020 Daryl Gurney Michael van Gerwen
54%
27.11.2022 Rob Cross Michael van Gerwen
54%
18.12.2021 Mike De Decker Darius Labanauskas
53%
24.05.2010 James Wade Phil Taylor
53%
24.05.2010 James Wade Phil Taylor
53%
16.02.2012 Kevin Painter Phil Taylor
53%
23.07.2014 Michael Smith Phil Taylor
53%
22.08.2015 Peter Wright Phil Taylor
53%
02.01.2009 Jelle Klaasen Raymond van Barneveld
51%
28.12.2009 Brendan Dolan Raymond van Barneveld
51%
29.04.2010 Terry Jenkins Raymond van Barneveld
51%
17.07.2010 Dennis Owens Raymond van Barneveld
51%
08.10.2014 James Wade Robert Thornton
51%
14.12.2013 Per Laursen Terry Jenkins
49%
17.12.2021 Bradley Brooks William Borland
49%
17.05.2012 Andy Hamilton Simon Whitlock
47%
17.11.2022 Michael van Gerwen Josh Rock
45%
14.12.2013 Ian White Kyle Anderson
45%
29.10.2017 Michael van Gerwen Kyle Anderson
45%
14.11.2018 Stephen Bunting Dimitri van den Bergh
44%
09.01.1990 Jack McKenna Paul Lim
41%
26.07.2012 Justin Pipe Wes Newton
41%
08.11.2015 Peter Wright Dave Chisnall
40%
07.04.2021 José de Sousa Jonny Clayton
38%
13.10.1984 Keith Deller John Lowe
37%
23.12.2012 Vincent van der Voort Dean Winstanley
32%
14.11.2014 Michael van Gerwen Kim Huybrechts
31%
16.07.2011 Marl Webster John Part
29%
25.11.2016 Michael Smith Alan Norris
23%
09.05.2007 Adrian Lewis Tony O'Shea
23%
27.09.2009 James Wade Merwyn King
21%
05.06.2010 Gary Anderson Merwyn King
21%
No matching quizzes found
Score Distribution
Percent of People with Each Score
Percentile by Number Answered
Your Score History
You have not taken this quiz